Responses for Show #7085 - Friday, June 5, 2015

Contestants

[<< previous game]

Chris Wonderly, a visual information specialist originally from Kansas City, Missouri

Jean Koff, a physician from Atlanta, Georgia

Addison Godel, a Ph.D. student in architectural history from Brooklyn, New York (whose 1-day cash winnings total $24,400)

[next game >>]

Jeopardy! Round responses

PULITZER PRIZE-WINNING BIOGRAPHIES
HAWAIIAN CROSSWORD CLUES
BRANDS OF JEANS
RELIGION
ABBREV.
(Alex: And finally, according to the Nielsen SoundScan list...)
THE MOST DOWNLOADED ROCK SONGS
    $200 26
The Spirit of St. Louis

Triple Stumper
    $200 10
aloha

Jean
    $200 18
the (San Francisco) 49ers

Chris
    $200 7
martyrdom

Chris
    $200 3
a bachelor

Jean
    $200 1
Imagine Dragons

Chris
    $400 27
Julia (Ward) Howe

Jean
    $400 12
(Jean: What are macadamian...s?)
(Addison: What are macadamia?)
(Chris: What are hazelnuts?)
...
(Alex: [To Addison] You were one short. Jean was one over.)

macadamias

AddisonJeanChris
Triple Stumper
    $400 19
Wrangler

Chris
    $400 8
Jesus

Chris
    $400 9
his & her

Addison
    $400 2
"Don't Stop Believin'"

Chris
    $1,500 28
(Jean: Who is... Sojourner Truth?)

Harriet Beecher Stowe

Jean
    $600 13
Aulani

Triple Stumper
    $600 20
The Gap

Chris
    $600 11
a minaret

Addison
    $600 23
the Federal Reserve

Addison
    $600 4
"Bohemian Rhapsody"

Addison
    $800 29
Peter the Great

Addison
    $800 16
mai tai

Jean
    $800 21
Calvin Klein

Jean
    $800 14
kosher

Chris
    $800 24
an example

Chris
    $800 5
"How To Save A Life"

Chris
    $1000 30
(Grover) Cleveland

Jean
    $1000 17
Waimea

Triple Stumper
    $1000 22
Not Your Daughter's Jeans

Jean
    $1000 15
(Addison: Who is Shiva?)

Vishnu

AddisonJean
    $1000 25
the Royal Academy

Addison
    $1000 6
"Eye Of The Tiger"

Addison

Scores at the first commercial break (after clue 15):

Addison Jean Chris
$1,200 $1,000 $2,400

Scores at the end of the Jeopardy! Round:

Addison Jean Chris
$3,600 $3,500 $4,400

Double Jeopardy! Round responses

FILM & TV VEHICLES
AMERICAN POETRY
THE GREAT DEPRESSION
"SHO" TIME
WHERE THE BUFFALO ROAM
HOME ON THE RANGE
    $400 17
(Chris: What is Speed?)
(Addison: What is Butterfly?)

Lightning

AddisonChris
Triple Stumper
    $400 6
"Song of Myself"

Jean
    $400 9
banks

Addison
    $400 1
showbiz

Jean
    $400 16
India

Addison
    $400 22
stuffing

Addison
    $800 18
the Millennium Falcon

Addison
    $800 7
Michelangelo

Triple Stumper
    $800 10
a soup kitchen

Jean
    $800 2
showdown

Addison
    $3,000 27
Yellowstone National Park

Chris
    $800 23
Fettuccine Alfredo

Jean
    $1200 19
(Addison: What is The Addams Family?)

The Munsters

AddisonChris
    $1200 8
(Alex: Not Rachel, but [*].)

Vachel Lindsay

Triple Stumper
    $1200 11
Route 66

Chris
    $1200 3
Shoshone

Addison
    $1200 28
(Addison: What is... Sudan?)

Egypt

Addison
Triple Stumper
    $1200 24
poach

Chris
    $1600 20
a TARDIS

Chris
    $1600 14
the fog

Chris
    $1,000 12
Hoovervilles

Chris
    $1600 4
shoal

Chris
    $1600 29
[The end-of-round signal sounds.]

Indonesia

Addison
    $1600 25
cioppino

Triple Stumper
    $2000 21
the General Lee

Addison
    $2000 15
(Addison: What is "The Road Less Traveled"?)

"The Road Not Taken"

Addison
Triple Stumper
    $2000 13
Dorothea Lange

Triple Stumper
    $2000 5
shogi

Addison
    $2000 26
(Alex: ...with less than a minute to go now, Chris.)

sauce espagnole

Triple Stumper

Scores at the end of the Double Jeopardy! Round:

Addison Jean Chris
$8,400 $5,900 $16,400

[wagering suggestions for these scores]

Final Jeopardy! Round responses

MOTTOES
(Alex: Louis B. Mayer was the longtime head of MGM films that was located on this lot for about half a century.)
...
(Alex: [To Chris] No, the motto of Metro-Goldwyn-Mayer films, [*].)
JeanWhat is ?
$2,501
AddisonWhat is
$8,001
ChrisWhat is I'm an Oscar Ma
$500
"Art for art's sake"

Final scores:

Addison Jean Chris
$399 $3,399 $15,900
3rd place: $1,000 2nd place: $2,000 New champion: $15,900

Game dynamics:

Coryat scores:

Addison Jean Chris
$8,400 $7,400 $14,800
16 R,
6 W
12 R,
2 W
(including 1 DD)
18 R
(including 2 DDs),
2 W

Combined Coryat: $30,600

[game clues] [game scores] [suggest correction]

Game tape date: Unknown
The J! Archive is created by fans, for fans. Scraping, republication, monetization, and malicious use prohibited; this site may use cookies and collect identifying information. See terms. The Jeopardy! game show and all elements thereof, including but not limited to copyright and trademark thereto, are the property of Jeopardy Productions, Inc. and are protected under law. This website is not affiliated with, sponsored by, or operated by Jeopardy Productions, Inc. Join the discussion at JBoard.tv.